| 000 | 00385cam a2200157ua 4500 | ||
|---|---|---|---|
| 041 |
_aeng _h |
||
| 082 |
_a604.2 _bABB/TE |
||
| 100 | _aAbbott, W . | ||
| 245 |
_aTechnical drawing : Applied geometry / _cW.Abbott. _hTextual Documents |
||
| 250 |
_a1 / _b. |
||
| 260 |
_aLondon : _bBlackie & Son Ltd , _c1963. |
||
| 300 | _a71 ; . | ||
| 504 | _a | ||
| 942 | _cBK | ||
| 999 |
_c1541 _d1541 |
||